<?xml version="1.0" encoding="UTF-8"?>
<record
    xmlns:xsi="http://www.w3.org/2001/XMLSchema-instance"
    xsi:schemaLocation="http://www.loc.gov/MARC21/slim http://www.loc.gov/standards/marcxml/schema/MARC21slim.xsd"
    xmlns="http://www.loc.gov/MARC21/slim">

  <leader>00804nam a2200193 a 4500</leader>
  <controlfield tag="003">OSt</controlfield>
  <controlfield tag="005">20150408114126.0</controlfield>
  <controlfield tag="008">130314s2012    ua     g b    000 0 ara d</controlfield>
  <datafield tag="040" ind1=" " ind2=" ">
    <subfield code="a">Ma-Un</subfield>
  </datafield>
  <datafield tag="082" ind1="0" ind2="4">
    <subfield code="a">351.0285</subfield>
    <subfield code="b">&#x625; &#x647;&#x640; &#x643;</subfield>
    <subfield code="2">21</subfield>
  </datafield>
  <datafield tag="100" ind1="1" ind2=" ">
    <subfield code="a">&#x625;&#x628;&#x631;&#x627;&#x647;&#x64A;&#x645;&#x60C; &#x647;&#x634;&#x627;&#x645; &#x645;&#x62D;&#x645;&#x648;&#x62F;.</subfield>
    <subfield code="9">34312</subfield>
  </datafield>
  <datafield tag="245" ind1="1" ind2="0">
    <subfield code="a">&#x643;&#x64A;&#x641;&#x64A;&#x629; &#x627;&#x644;&#x62A;&#x62D;&#x648;&#x644; &#x625;&#x644;&#x649; &#x646;&#x638;&#x627;&#x645; &#x627;&#x644;&#x62D;&#x643;&#x648;&#x645;&#x629; &#x627;&#x644;&#x625;&#x644;&#x643;&#x62A;&#x631;&#x648;&#x646;&#x64A;&#x629; :</subfield>
    <subfield code="b">&#x646;&#x645;&#x648;&#x630;&#x62C; &#x62A;&#x637;&#x628;&#x64A;&#x642;&#x64A; &#x645;&#x642;&#x62A;&#x631;&#x62D; /</subfield>
    <subfield code="c">&#x647;&#x634;&#x627;&#x645; &#x645;&#x62D;&#x645;&#x648;&#x62F; &#x625;&#x628;&#x631;&#x627;&#x647;&#x64A;&#x645;.</subfield>
  </datafield>
  <datafield tag="246" ind1="3" ind2="4">
    <subfield code="a">&#x627;&#x644;&#x62D;&#x643;&#x648;&#x645;&#x629; &#x627;&#x644;&#x625;&#x644;&#x643;&#x62A;&#x631;&#x648;&#x646;&#x64A;&#x629;</subfield>
  </datafield>
  <datafield tag="260" ind1=" " ind2=" ">
    <subfield code="a">&#x627;&#x644;&#x642;&#x627;&#x647;&#x631;&#x629; :</subfield>
    <subfield code="b">&#x645;&#x631;&#x643;&#x632; &#x627;&#x644;&#x62E;&#x628;&#x631;&#x627;&#x62A; &#x627;&#x644;&#x645;&#x647;&#x646;&#x64A;&#x629; &#x644;&#x644;&#x625;&#x62F;&#x627;&#x631;&#x629;&#x60C;</subfield>
    <subfield code="c">2012</subfield>
    <subfield code="m">[1433]</subfield>
  </datafield>
  <datafield tag="300" ind1=" " ind2=" ">
    <subfield code="a">168 &#x635;. &#x61B;</subfield>
    <subfield code="c">24 &#x633;&#x645;.</subfield>
  </datafield>
  <datafield tag="504" ind1=" " ind2=" ">
    <subfield code="a">&#x628;&#x628;&#x644;&#x64A;&#x648;&#x62C;&#x631;&#x627;&#x641;&#x64A;&#x629; : &#x635;. 157-168.</subfield>
  </datafield>
  <datafield tag="650" ind1=" " ind2="7">
    <subfield code="a">&#x627;&#x644;&#x625;&#x646;&#x62A;&#x631;&#x646;&#x62A; &#x641;&#x64A; &#x627;&#x644;&#x625;&#x62F;&#x627;&#x631;&#x629; &#x627;&#x644;&#x639;&#x627;&#x645;&#x629;</subfield>
    <subfield code="2">aucsh</subfield>
    <subfield code="9">18023</subfield>
  </datafield>
  <datafield tag="942" ind1=" " ind2=" ">
    <subfield code="2">ddc</subfield>
    <subfield code="c">BOOK</subfield>
  </datafield>
  <datafield tag="999" ind1=" " ind2=" ">
    <subfield code="c">29036</subfield>
    <subfield code="d">263536</subfield>
  </datafield>
  <datafield tag="952" ind1=" " ind2=" ">
    <subfield code="1">0</subfield>
    <subfield code="2">2013-03-16</subfield>
    <subfield code="4">0</subfield>
    <subfield code="7">1</subfield>
    <subfield code="a">351.0285 &#x625; &#x647;&#x640; &#x643;</subfield>
    <subfield code="c">1</subfield>
    <subfield code="d">2013-03-16</subfield>
    <subfield code="h">SRM</subfield>
    <subfield code="i">00205281</subfield>
    <subfield code="m">SRM</subfield>
    <subfield code="r">2013-03-16 00:00:00</subfield>
    <subfield code="t">BOOK</subfield>
    <subfield code="w">ddc</subfield>
    <subfield code="y">0</subfield>
  </datafield>
  <datafield tag="952" ind1=" " ind2=" ">
    <subfield code="1">0</subfield>
    <subfield code="2">2013-03-19</subfield>
    <subfield code="4">0</subfield>
    <subfield code="7">0</subfield>
    <subfield code="a">351.0285 &#x625; &#x647;&#x640; &#x643;</subfield>
    <subfield code="c">2</subfield>
    <subfield code="d">2013-03-19</subfield>
    <subfield code="h">SRM</subfield>
    <subfield code="i">00205282</subfield>
    <subfield code="m">SRM</subfield>
    <subfield code="r">2013-03-19 00:00:00</subfield>
    <subfield code="t">BOOK</subfield>
    <subfield code="w">ddc</subfield>
    <subfield code="y">0</subfield>
  </datafield>
  <datafield tag="952" ind1=" " ind2=" ">
    <subfield code="1">0</subfield>
    <subfield code="2">2013-03-20</subfield>
    <subfield code="4">0</subfield>
    <subfield code="7">0</subfield>
    <subfield code="a">351.0285 &#x625; &#x647;&#x640; &#x643;</subfield>
    <subfield code="c">1</subfield>
    <subfield code="d">2013-03-20</subfield>
    <subfield code="h">SRF</subfield>
    <subfield code="i">00205149</subfield>
    <subfield code="m">SRF</subfield>
    <subfield code="r">2013-03-20 00:00:00</subfield>
    <subfield code="t">BOOK</subfield>
    <subfield code="w">ddc</subfield>
    <subfield code="y">0</subfield>
  </datafield>
  <datafield tag="952" ind1=" " ind2=" ">
    <subfield code="1">0</subfield>
    <subfield code="2">2013-03-20</subfield>
    <subfield code="4">0</subfield>
    <subfield code="7">0</subfield>
    <subfield code="a">351.0285 &#x625; &#x647;&#x640; &#x643;</subfield>
    <subfield code="c">2</subfield>
    <subfield code="d">2013-03-20</subfield>
    <subfield code="h">SRF</subfield>
    <subfield code="i">00205150</subfield>
    <subfield code="m">SRF</subfield>
    <subfield code="r">2013-03-20 00:00:00</subfield>
    <subfield code="t">BOOK</subfield>
    <subfield code="w">ddc</subfield>
    <subfield code="y">0</subfield>
  </datafield>
  <datafield tag="952" ind1=" " ind2=" ">
    <subfield code="1">0</subfield>
    <subfield code="2">2013-03-24</subfield>
    <subfield code="4">0</subfield>
    <subfield code="7">1</subfield>
    <subfield code="a">351.0285 &#x625; &#x647;&#x640; &#x643;</subfield>
    <subfield code="c">1</subfield>
    <subfield code="d">2013-03-24</subfield>
    <subfield code="h">SZM</subfield>
    <subfield code="i">00204826</subfield>
    <subfield code="m">SZM</subfield>
    <subfield code="r">2013-03-24 00:00:00</subfield>
    <subfield code="t">BOOK</subfield>
    <subfield code="w">ddc</subfield>
    <subfield code="y">0</subfield>
  </datafield>
  <datafield tag="952" ind1=" " ind2=" ">
    <subfield code="1">0</subfield>
    <subfield code="2">2013-03-24</subfield>
    <subfield code="4">0</subfield>
    <subfield code="7">0</subfield>
    <subfield code="a">351.0285 &#x625; &#x647;&#x640; &#x643;</subfield>
    <subfield code="c">2</subfield>
    <subfield code="d">2013-03-24</subfield>
    <subfield code="h">SZM</subfield>
    <subfield code="i">00204827</subfield>
    <subfield code="m">SZM</subfield>
    <subfield code="r">2013-03-24 00:00:00</subfield>
    <subfield code="t">BOOK</subfield>
    <subfield code="w">ddc</subfield>
    <subfield code="y">0</subfield>
  </datafield>
  <datafield tag="952" ind1=" " ind2=" ">
    <subfield code="1">0</subfield>
    <subfield code="2">2013-03-27</subfield>
    <subfield code="4">0</subfield>
    <subfield code="7">1</subfield>
    <subfield code="a">351.0285 &#x625; &#x647;&#x640; &#x643;</subfield>
    <subfield code="c">1</subfield>
    <subfield code="d">2013-03-27</subfield>
    <subfield code="h">CL</subfield>
    <subfield code="i">00205514</subfield>
    <subfield code="m">CL</subfield>
    <subfield code="r">2013-03-27 00:00:00</subfield>
    <subfield code="t">BOOK</subfield>
    <subfield code="w">ddc</subfield>
    <subfield code="y">0</subfield>
  </datafield>
  <datafield tag="952" ind1=" " ind2=" ">
    <subfield code="1">0</subfield>
    <subfield code="2">2013-03-27</subfield>
    <subfield code="4">0</subfield>
    <subfield code="7">0</subfield>
    <subfield code="a">351.0285 &#x625; &#x647;&#x640; &#x643;</subfield>
    <subfield code="c">2</subfield>
    <subfield code="d">2013-03-27</subfield>
    <subfield code="h">CL</subfield>
    <subfield code="i">00205513</subfield>
    <subfield code="m">CL</subfield>
    <subfield code="r">2013-03-27 00:00:00</subfield>
    <subfield code="t">BOOK</subfield>
    <subfield code="w">ddc</subfield>
    <subfield code="y">0</subfield>
  </datafield>
  <datafield tag="952" ind1=" " ind2=" ">
    <subfield code="1">0</subfield>
    <subfield code="2">2013-03-27</subfield>
    <subfield code="4">0</subfield>
    <subfield code="7">0</subfield>
    <subfield code="a">351.0285 &#x625; &#x647;&#x640; &#x643;</subfield>
    <subfield code="c">3</subfield>
    <subfield code="d">2013-03-27</subfield>
    <subfield code="h">CL</subfield>
    <subfield code="i">00205512</subfield>
    <subfield code="m">CL</subfield>
    <subfield code="q">2017-10-08</subfield>
    <subfield code="r">2017-11-19 00:00:00</subfield>
    <subfield code="t">BOOK</subfield>
    <subfield code="w">ddc</subfield>
    <subfield code="y">2</subfield>
  </datafield>
</record>
